Loading...
| Science - Physics | 0 | 2 | 0 | 0 | 20 | 46 | 53.00 | 0 | 2 | 11.53 | 14.81 |
| Philosophy | 0 | 2 | 0 | 0 | 20 | 36 | 69.50 | 1 | 1 | 8.61 | 14.58 |
| History - European | 0 | 1 | 0 | 0 | 10 | 97 | 97.00 | 0 | 0 | 0.00 | 3.17 |
| History - World | 0 | 1 | 0 | 0 | 10 | 87 | 87.00 | 0 | 1 | 2.24 | 7.94 |
| Current Events | 0 | 1 | 0 | 0 | 10 | 73 | 73.00 | 0 | 0 | 10.80 | 16.67 |
| Literature - European | 0 | 1 | 0 | 0 | 10 | 32 | 32.00 | 0 | 1 | 8.05 | 9.26 |
| Literature - American | 0 | 1 | 0 | 0 | 10 | 100 | 100.00 | 0 | 1 | 1.61 | 6.35 |
| Fine Arts - Painting and Sculpture | 0 | 1 | 0 | 0 | 10 | 55 | 55.00 | 1 | 1 | 5.70 | 11.11 |
| Mythology | 0 | 0 | 0 | 0 | 0 | 0.00 | 0 | 0 | 0.00 | 0.00 |